UUCP : Elekctronic mail file transfer /

Guardado en:
Detalles Bibliográficos
Autor principal: Illik, Anton J (Autor)
Formato: Libro
Lenguaje:alemán
Publicado: München : R.Oldenbourg Verlag, 1993
Materias:
Etiquetas: Agregar Etiqueta
Sin Etiquetas, Sea el primero en etiquetar este registro!

MARC

LEADER 00000nam a22000003a 4500
001 stu44461
005 20150617225658.6
008 ------s1993----gw------------------ger-d
020 |a 3-486-21569-8 
040 |a STU  |b slo 
041 0 |a ger 
044 |a gw 
080 |a 681.3.068 
100 1 |a Illik, Anton J  |4 aut 
245 1 |a UUCP :  |b Elekctronic mail file transfer /  |c [aut.]Anton J. Illik 
260 |a München :  |b R.Oldenbourg Verlag,  |c 1993 
300 |a 162 s 
650 7 |a Email  |2 stusub 
996 |b 284M044078  |c M*9000-1  |l MMKN  |s A  |a 24  |w stu44461_0001